[Event "2nd Sharjah Masters International Chess Championship"]
[Site "Sharjah Culture & Chess Club"]
[Date "2018.04.15"]
[Round "5"]
[Board "30"]
[White "Pranav, V"]
[Black "Balasubramaniam, H"]
[Result "1-0"]
[WhiteElo "2316"]
[BlackElo "2060"]
[PlyCount "0"]
[EventDate "2018.04.12"]
[EventRounds "9"]
[EventCountry "UAE"]

1. e4 {[%clk 1:31:00]} c5 {[%clk 1:30:59]} 2. Nf3 {[%clk 1:31:21]} e6
{[%clk 1:31:27]} 3. d3 {[%clk 1:31:41]} Nc6 {[%clk 1:31:49]} 4. g3
{[%clk 1:32:04]} g6 {[%clk 1:31:49]} 5. Bg2 {[%clk 1:32:14]} Bg7 {[%clk 1:32:10]}
6. O-O {[%clk 1:32:31]} Nge7 {[%clk 1:32:18]} 7. Qe2 {[%clk 1:32:12]} d6
{[%clk 1:27:20]} 8. c3 {[%clk 1:30:44]} e5 {[%clk 1:24:48]} 9. Nbd2
{[%clk 1:29:46]} O-O {[%clk 1:23:43]} 10. Nh4 {[%clk 1:27:16]} g5
{[%clk 1:03:47]} 11. Nhf3 {[%clk 1:27:24]} Ng6 {[%clk 1:03:17]} 12. h3
{[%clk 1:26:02]} h6 {[%clk 0:56:36]} 13. Nc4 {[%clk 1:24:13]} f5 {[%clk 0:50:15]}
14. Nh2 {[%clk 1:21:48]} f4 {[%clk 0:47:30]} 15. Qh5 {[%clk 1:20:26]} Kh7
{[%clk 0:42:09]} 16. Bf3 {[%clk 1:11:17]} Be6 {[%clk 0:37:00]} 17. Bg4
{[%clk 1:11:14]} Bf7 {[%clk 0:34:39]} 18. Bf5 {[%clk 1:09:42]} Nce7
{[%clk 0:34:04]} 19. Qe2 {[%clk 1:07:37]} Nxf5 {[%clk 0:29:35]} 20. exf5
{[%clk 1:08:00]} Ne7 {[%clk 0:29:54]} 21. g4 {[%clk 1:08:08]} Nc6
{[%clk 0:27:50]} 22. Rd1 {[%clk 1:01:23]} Bf6 {[%clk 0:20:39]} 23. Nf3
{[%clk 0:56:26]} Re8 {[%clk 0:20:59]} 24. Ncd2 {[%clk 0:56:06]} d5
{[%clk 0:20:00]} 25. Qf1 {[%clk 0:55:49]} Qc7 {[%clk 0:15:46]} 26. c4
{[%clk 0:55:34]} Nd4 {[%clk 0:14:16]} 27. Nxd4 {[%clk 0:55:01]} exd4
{[%clk 0:14:42]} 28. cxd5 {[%clk 0:55:15]} Bxd5 {[%clk 0:14:58]} 29. Ne4
{[%clk 0:53:48]} Bxe4 {[%clk 0:14:55]} 30. dxe4 {[%clk 0:54:13]} Rxe4
{[%clk 0:15:02]} 31. Qc4 {[%clk 0:54:29]} Kg7 {[%clk 0:11:00]} 32. Bd2
{[%clk 0:54:31]} b6 {[%clk 0:09:56]} 33. Rac1 {[%clk 0:54:21]} Qf7
{[%clk 0:09:56]} 34. Qb5 {[%clk 0:53:45]} Qe8 {[%clk 0:09:18]} 35. Qa6
{[%clk 0:52:04]} Qc8 {[%clk 0:06:34]} 36. Qd3 {[%clk 0:51:18]} Re7
{[%clk 0:06:24]} 37. b4 {[%clk 0:50:15]} Rc7 {[%clk 0:06:46]} 38. bxc5
{[%clk 0:50:16]} Rxc5 {[%clk 0:06:18]} 39. Rxc5 {[%clk 0:44:43]} Qxc5
{[%clk 0:04:42]} 40. Rc1 {[%clk 0:45:12]} Qd6 {[%clk 0:04:10]} 41. h4
{[%clk 0:42:40]} Qd7 {[%clk 0:03:59]} 42. h5 {[%clk 0:36:17]} Rc8
{[%clk 0:04:12]} 43. Re1 {[%clk 0:36:44]} Qd5 {[%clk 0:02:39]} 44. Qa3
{[%clk 0:35:24]} Rc7 {[%clk 0:01:50]} 45. Re6 {[%clk 0:32:48]} Qc5
{[%clk 0:01:49]} 46. Qd3 {[%clk 0:31:48]} Qc2 {[%clk 0:02:06]} 47. Qe2
{[%clk 0:31:47]} Qc4 {[%clk 0:02:13]} 48. Qe4 {[%clk 0:31:50]} Qc2
{[%clk 0:01:41]} 49. Qe2 {[%clk 0:31:25]} Qc4 {[%clk 0:01:22]} 50. Qe1
{[%clk 0:31:11]} Rf7 {[%clk 0:00:52]} 51. Qe4 {[%clk 0:30:53]} Qxa2
{[%clk 0:00:54]} 52. Rxf6 {[%clk 0:31:11]} Rxf6 {[%clk 0:01:15]} 53. Qxd4
{[%clk 0:31:31]} Qf7 {[%clk 0:01:01]} 54. Bc3 {[%clk 0:31:57]} Qe7
{[%clk 0:01:23]} 55. Qd5 {[%clk 0:32:02]} Kh7 {[%clk 0:01:42]} 56. Bxf6
{[%clk 0:32:04]} Qxf6 {[%clk 0:02:11]} 57. Qd7+ {[%clk 0:32:29]} Kg8
{[%clk 0:02:24]} 58. Qxa7 {[%clk 0:32:53]} Kh8 {[%clk 0:02:40]} 59. Qb7
{[%clk 0:33:13]} Kg8 {[%clk 0:03:00]} 60. Kg2 {[%clk 0:33:39]} Kh8
{[%clk 0:03:16]} 61. Qc8+ {[%clk 0:33:52]} Kg7 {[%clk 0:03:37]} 62. Kf3
{[%clk 0:34:16]} Qd6 {[%clk 0:03:53]} 63. Qb7+ {[%clk 0:34:20]} Kf6
{[%clk 0:03:15]} 64. Kg2 {[%clk 0:34:43]} Ke5 {[%clk 0:02:11]} 65. Qg7+
{[%clk 0:35:05]} Ke4 {[%clk 0:01:49]} 66. f6 {[%clk 0:34:20]} f3+
{[%clk 0:01:33]} 67. Kh3 {[%clk 0:34:40]} Qd1 {[%clk 0:01:45]} 68. Qe7+
{[%clk 0:35:01]} Kd5 1-0

[Event "2nd Sharjah Masters International Chess Championship"]
[Site "Sharjah Culture & Chess Club"]
[Date "2018.04.15"]
[Round "5"]
[Board "35"]
[White "Ahmed, Fareed"]
[Black "Mohannad, Farhan"]
[Result "0-1"]
[WhiteElo "1989"]
[BlackElo "2219"]
[PlyCount "0"]
[EventDate "2018.04.12"]
[EventRounds "9"]
[EventCountry "UAE"]

1. e4 {[%clk 1:18:33]} d5 {[%clk 1:30:49]} 2. exd5 {[%clk 1:18:55]} Qxd5
{[%clk 1:31:14]} 3. Nc3 {[%clk 1:19:15]} Qd8 {[%clk 1:31:36]} 4. Nf3
{[%clk 1:15:12]} Bf5 {[%clk 1:31:31]} 5. Ne5 {[%clk 1:15:37]} Nd7
{[%clk 1:25:04]} 6. Nxf7 {[%clk 1:08:33]} Kxf7 {[%clk 1:25:22]} 7. Qf3
{[%clk 1:09:00]} e6 {[%clk 1:23:23]} 8. Bc4 {[%clk 1:04:51]} Qf6 {[%clk 1:19:15]}
9. Qxb7 {[%clk 1:03:19]} Qe5+ {[%clk 1:18:40]} 10. Kd1 {[%clk 1:01:32]} Rb8
{[%clk 1:18:39]} 11. Qc6 {[%clk 0:59:10]} Ngf6 {[%clk 1:18:14]} 12. d3
{[%clk 0:56:59]} Qc5 {[%clk 1:17:01]} 13. Qa4 {[%clk 0:54:13]} Qxf2
{[%clk 1:16:52]} 14. Re1 {[%clk 0:54:15]} Bg4+ {[%clk 1:11:16]} 15. Ne2
{[%clk 0:54:40]} Qxg2 {[%clk 1:11:04]} 16. Bf4 {[%clk 0:53:11]} Bb4
{[%clk 1:06:15]} 17. c3 {[%clk 0:51:45]} Bc5 {[%clk 1:06:32]} 18. d4
{[%clk 0:49:22]} Bd6 {[%clk 1:04:59]} 19. Kc1 {[%clk 0:47:42]} Bxf4+
{[%clk 1:04:26]} 20. Ng1 0-1

[Event "2nd Sharjah Masters International Chess Championship"]
[Site "Sharjah Culture & Chess Club"]
[Date "2018.04.15"]
[Round "5"]
[Board "36"]
[White "Aradhya, Garg"]
[Black "Abid, Ali Mujawar"]
[Result "1-0"]
[WhiteElo "2218"]
[BlackElo "1800"]
[PlyCount "0"]
[EventDate "2018.04.12"]
[EventRounds "9"]
[EventCountry "UAE"]

1. d4 {[%clk 1:30:58]} d5 {[%clk 1:30:26]} 2. c4 {[%clk 1:31:27]} c6
{[%clk 1:30:20]} 3. cxd5 {[%clk 1:31:52]} cxd5 {[%clk 1:30:30]} 4. Bg5
{[%clk 1:32:07]} Nc6 {[%clk 1:30:15]} 5. Nc3 {[%clk 1:31:52]} Qb6
{[%clk 1:29:04]} 6. e3 {[%clk 1:28:16]} e6 {[%clk 1:28:23]} 7. Qd2
{[%clk 1:23:41]} Bd7 {[%clk 1:24:48]} 8. Bd3 {[%clk 1:20:23]} Rc8
{[%clk 1:20:26]} 9. Nf3 {[%clk 1:15:34]} Nb4 {[%clk 1:14:00]} 10. Be2
{[%clk 1:04:54]} Bd6 {[%clk 1:13:14]} 11. O-O {[%clk 1:04:25]} Ne7
{[%clk 1:09:09]} 12. Rfc1 {[%clk 0:47:38]} O-O {[%clk 0:57:33]} 13. a3
{[%clk 0:42:46]} Na6 {[%clk 0:56:37]} 14. b4 {[%clk 0:34:08]} Nc7
{[%clk 0:48:56]} 15. Bd3 {[%clk 0:21:36]} f5 {[%clk 0:32:17]} 16. b5
{[%clk 0:14:49]} Qa5 {[%clk 0:30:45]} 17. Bxe7 {[%clk 0:14:08]} Bxe7
{[%clk 0:27:58]} 18. Nxd5 {[%clk 0:14:37]} Qxd2 {[%clk 0:27:46]} 19. Nxe7+
{[%clk 0:15:03]} Kf7 {[%clk 0:27:44]} 20. Nxc8 {[%clk 0:08:50]} Qa5
{[%clk 0:23:33]} 21. Ne5+ {[%clk 0:09:10]} Kg8 {[%clk 0:21:48]} 22. Ne7+
{[%clk 0:08:39]} Kh8 {[%clk 0:21:11]} 23. Nxd7 {[%clk 0:09:08]} Rd8
{[%clk 0:07:05]} 24. Ne5 {[%clk 0:08:02]} Re8 {[%clk 0:05:36]} 25. Nf7#
{[%clk 0:08:23]} Rf8 26. Ne5 Rf7 27. Nd7 Rf8 28. Ne5 1-0

[Event "2nd Sharjah Masters International Chess Championship"]
[Site "Sharjah Culture & Chess Club"]
[Date "2018.04.15"]
[Round "5"]
[Board "38"]
[White "Aditya, Mittal"]
[Black "Mahajan, Ayush"]
[Result "1-0"]
[WhiteElo "2212"]
[BlackElo "1559"]
[PlyCount "0"]
[EventDate "2018.04.12"]
[EventRounds "9"]
[EventCountry "UAE"]

1. d4 {[%clk 1:30:53]} d5 {[%clk 1:30:32]} 2. c4 {[%clk 1:31:18]} e6
{[%clk 1:30:48]} 3. Nc3 {[%clk 1:31:43]} Be7 {[%clk 1:31:01]} 4. cxd5
{[%clk 1:32:01]} exd5 {[%clk 1:31:03]} 5. Bf4 {[%clk 1:32:30]} c6
{[%clk 1:29:04]} 6. e3 {[%clk 1:32:54]} Nf6 {[%clk 1:26:42]} 7. Bd3
{[%clk 1:32:57]} Nbd7 {[%clk 1:26:52]} 8. Nge2 {[%clk 1:32:39]} Nh5
{[%clk 1:25:28]} 9. Bg3 {[%clk 1:25:31]} Ndf6 {[%clk 1:16:44]} 10. Bh4
{[%clk 1:20:46]} Ne4 {[%clk 1:14:23]} 11. Bxe7 {[%clk 1:17:41]} Qxe7
{[%clk 1:15:10]} 12. Bxe4 {[%clk 1:08:47]} dxe4 {[%clk 1:14:51]} 13. d5
{[%clk 1:08:29]} Nf6 {[%clk 0:58:14]} 14. dxc6 {[%clk 1:03:02]} bxc6
{[%clk 0:53:30]} 15. O-O {[%clk 0:58:01]} O-O {[%clk 0:50:36]} 16. Qa4
{[%clk 0:55:38]} c5 {[%clk 0:42:59]} 17. Rac1 {[%clk 0:53:00]} Bd7
{[%clk 0:40:35]} 18. Qc2 {[%clk 0:49:42]} Rfc8 {[%clk 0:36:17]} 19. Rfd1
{[%clk 0:47:43]} Bc6 {[%clk 0:35:45]} 20. Nf4 {[%clk 0:40:47]} Qe5
{[%clk 0:28:35]} 21. h3 {[%clk 0:34:50]} g5 {[%clk 0:21:11]} 22. Nfe2
{[%clk 0:34:35]} Nd7 {[%clk 0:17:34]} 23. g4 {[%clk 0:25:24]} h5 {[%clk 0:08:30]}
24. Ng3 {[%clk 0:13:54]} Nf6 {[%clk 0:08:18]} 25. gxh5 {[%clk 0:13:08]} Qe6
{[%clk 0:07:47]} 26. Kg2 {[%clk 0:12:06]} Bd7 {[%clk 0:06:16]} 27. Rh1
{[%clk 0:08:42]} Bc6 {[%clk 0:06:17]} 28. Rcd1 {[%clk 0:08:53]} Rd8
{[%clk 0:06:08]} 29. Nce2 {[%clk 0:06:35]} Rxd1 {[%clk 0:04:55]} 30. Rxd1
{[%clk 0:06:11]} Bd7 {[%clk 0:05:21]} 31. Rh1 {[%clk 0:04:52]} Rc8
{[%clk 0:05:11]} 32. Nc3 {[%clk 0:04:49]} Bc6 33. Qe2 {[%clk 0:05:07]} Rd8
{[%clk 0:04:12]} 34. h4 {[%clk 0:05:17]} g4 {[%clk 0:04:12]} 35. Rd1
{[%clk 0:04:31]} Rd3 {[%clk 0:04:08]} 36. Kh2 {[%clk 0:02:33]} Rxd1
{[%clk 0:03:31]} 37. Qxd1 {[%clk 0:02:54]} Qe5 {[%clk 0:03:25]} 38. Nce2
{[%clk 0:01:18]} Nxh5 {[%clk 0:02:25]} 39. Qd8+ {[%clk 0:01:18]} Kg7
{[%clk 0:00:45]} 40. Qc8 {[%clk 0:01:03]} Nxg3 {[%clk 0:00:36]} 41. Nxg3
{[%clk 0:00:54]} Qe6 {[%clk 0:00:56]} 42. Nh5+ {[%clk 0:00:43]} Kh7
{[%clk 0:00:47]} 43. Qxe6 {[%clk 0:00:50]} fxe6 {[%clk 0:01:16]} 44. Nf6+
{[%clk 0:00:50]} Kg6 {[%clk 0:00:53]} 45. Nxg4 {[%clk 0:01:18]} Kh5
{[%clk 0:01:00]} 46. Kg3 {[%clk 0:01:30]} a5 {[%clk 0:01:15]} 47. Ne5
{[%clk 0:00:45]} Bd5 {[%clk 0:01:18]} 48. a3 {[%clk 0:00:51]} c4 {[%clk 0:00:57]}
49. Kh3 {[%clk 0:00:41]} Kh6 {[%clk 0:01:19]} 50. Kg4 {[%clk 0:01:03]} Kg7
{[%clk 0:01:45]} 51. Kg5 {[%clk 0:01:26]} Kh7 {[%clk 0:02:03]} 52. h5
{[%clk 0:01:43]} a4 {[%clk 0:02:11]} 53. h6 {[%clk 0:01:19]} c3 {[%clk 0:02:07]}
54. bxc3 {[%clk 0:01:44]} Kg8 {[%clk 0:02:32]} 55. c4 {[%clk 0:02:11]} Bb7
{[%clk 0:02:54]} 56. c5 {[%clk 0:02:33]} Bc8 {[%clk 0:03:16]} 57. c6
{[%clk 0:02:42]} 1-0

[Event "2nd Sharjah Masters International Chess Championship"]
[Site "Sharjah Culture & Chess Club"]
[Date "2018.04.16"]
[Round "6"]
[Board "6"]
[White "Abdusattorov, Nodirbek"]
[Black "Adhiban, B."]
[Result "1/2-1/2"]
[WhiteElo "2540"]
[BlackElo "2661"]
[PlyCount "0"]
[EventDate "2018.04.12"]
[EventRounds "9"]
[EventCountry "UAE"]

1. e4 {[%clk 1:30:49]} e5 {[%clk 1:30:54]} 2. Nf3 {[%clk 1:31:12]} Nc6
{[%clk 1:31:20]} 3. Bb5 {[%clk 1:31:15]} a6 {[%clk 1:31:48]} 4. Ba4
{[%clk 1:31:34]} Nf6 {[%clk 1:32:16]} 5. O-O {[%clk 1:31:55]} b5 {[%clk 1:32:37]}
6. Bb3 {[%clk 1:32:20]} Bb7 {[%clk 1:33:02]} 7. d3 {[%clk 1:30:07]} Be7
{[%clk 1:32:55]} 8. Nc3 {[%clk 1:29:35]} d6 {[%clk 1:33:18]} 9. a3
{[%clk 1:28:35]} O-O {[%clk 1:33:44]} 10. Bg5 {[%clk 1:27:39]} h6
{[%clk 1:32:04]} 11. Bxf6 {[%clk 1:26:04]} Bxf6 {[%clk 1:32:32]} 12. Nd5
{[%clk 1:26:18]} Nb8 {[%clk 1:26:38]} 13. a4 {[%clk 1:23:37]} Nd7
{[%clk 1:19:05]} 14. axb5 {[%clk 1:23:29]} axb5 {[%clk 1:19:23]} 15. Rxa8
{[%clk 1:23:43]} Bxa8 {[%clk 1:19:52]} 16. Qd2 {[%clk 1:17:43]} c6
{[%clk 0:56:07]} 17. Nxf6+ {[%clk 1:08:57]} Qxf6 {[%clk 0:49:42]} 18. Qe3
{[%clk 1:05:21]} Bb7 {[%clk 0:45:22]} 19. c3 {[%clk 0:55:36]} c5 {[%clk 0:29:52]}
20. Nd2 {[%clk 0:54:45]} Qe7 {[%clk 0:29:16]} 21. Ra1 {[%clk 0:52:39]} Ra8
{[%clk 0:28:50]} 22. Rxa8+ {[%clk 0:52:45]} Bxa8 {[%clk 0:29:19]} 23. Qe1
{[%clk 0:53:01]} Nf6 {[%clk 0:23:45]} 24. Qa1 {[%clk 0:52:33]} Bc6
{[%clk 0:24:10]} 25. Qa5 {[%clk 0:46:09]} Ne8 {[%clk 0:23:05]} 26. Nf1
{[%clk 0:45:56]} Qc7 {[%clk 0:23:25]} 27. Qa2 {[%clk 0:45:36]} g6
{[%clk 0:23:10]} 28. Ne3 {[%clk 0:45:40]} Nf6 {[%clk 0:23:33]} 29. h3
{[%clk 0:42:27]} Kg7 {[%clk 0:23:46]} 30. Qa6 {[%clk 0:35:08]} Qb7
{[%clk 0:23:10]} 31. Qa5 {[%clk 0:35:22]} c4 {[%clk 0:22:43]} 32. dxc4
{[%clk 0:35:38]} bxc4 {[%clk 0:23:09]} 33. Bxc4 {[%clk 0:36:02]} Qxb2
{[%clk 0:22:40]} 34. Qc7 {[%clk 0:33:20]} Be8 {[%clk 0:21:53]} 35. Qe7
{[%clk 0:24:19]} Nxe4 {[%clk 0:06:21]} 36. Qxe8 {[%clk 0:24:01]} Qxf2+
{[%clk 0:06:50]} 37. Kh1 {[%clk 0:24:21]} Qf4 {[%clk 0:06:55]} 38. Nf1
{[%clk 0:16:57]} d5 {[%clk 0:07:14]} 39. Ba6 {[%clk 0:16:22]} Nxc3
{[%clk 0:07:41]} 40. Qc6 {[%clk 0:16:29]} d4 {[%clk 0:07:57]} 41. Bc4
{[%clk 0:14:12]} e4 {[%clk 0:07:56]} 42. Qd7 {[%clk 0:13:49]} e3 {[%clk 0:07:39]}
43. Ng3 {[%clk 0:14:14]} h5 {[%clk 0:06:25]} 44. Nf5+ {[%clk 0:14:38]} Qxf5
{[%clk 0:06:28]} 45. Qxd4+ {[%clk 0:15:03]} Qf6 {[%clk 0:06:46]} 46. Qxe3
{[%clk 0:15:24]} h4 {[%clk 0:05:47]} 47. Qd3 {[%clk 0:14:52]} Na4
{[%clk 0:05:31]} 48. Bxf7 {[%clk 0:11:14]} Qa1+ {[%clk 0:05:24]} 49. Kh2
{[%clk 0:11:18]} Qe5+ {[%clk 0:04:07]} 50. Kh1 {[%clk 0:11:39]} Qa1+
{[%clk 0:04:35]} 51. Kh2 {[%clk 0:12:01]} Qe5+ {[%clk 0:05:02]} 52. Kh1
{[%clk 0:12:21]} Qe1+ {[%clk 0:05:30]} 53. Kh2 {[%clk 0:12:37]} Qg3+
{[%clk 0:05:59]} 54. Qxg3 {[%clk 0:12:52]} hxg3+ {[%clk 0:06:27]} 55. Kxg3
{[%clk 0:13:21]} Kxf7 {[%clk 0:06:57]} 56. h4 {[%clk 0:11:15]} Kg7
{[%clk 0:07:14]} 57. Kf4 {[%clk 0:08:41]} Kh6 {[%clk 0:07:35]} 58. g4
{[%clk 0:08:41]} Nc3 {[%clk 0:06:50]} 59. Ke5 {[%clk 0:08:22]} Nb1
{[%clk 0:05:52]} 60. Kf4 {[%clk 0:07:38]} Nd2 {[%clk 0:06:03]} 61. Ke3
{[%clk 0:06:50]} Nb3 {[%clk 0:06:27]} 62. Ke4 {[%clk 0:06:24]} Kh7
{[%clk 0:05:17]} 63. Kf4 {[%clk 0:06:14]} Kh6 {[%clk 0:05:42]} 64. Ke4
{[%clk 0:06:43]} Nd2+ {[%clk 0:04:08]} 65. Ke3 {[%clk 0:06:58]} Nc4+
{[%clk 0:04:28]} 66. Kd4 {[%clk 0:06:48]} Nd6 {[%clk 0:04:54]} 67. Ke5
{[%clk 0:06:56]} Nf7+ {[%clk 0:04:42]} 68. Kf4 {[%clk 0:06:50]} Nd8
{[%clk 0:04:23]} 69. Ke4 {[%clk 0:05:16]} Kg7 {[%clk 0:04:34]} 70. Ke5
{[%clk 0:05:11]} Nf7+ {[%clk 0:04:16]} 71. Kf4 {[%clk 0:05:14]} Kf6
{[%clk 0:04:30]} 72. g5+ {[%clk 0:04:44]} Kg7 {[%clk 0:03:18]} 73. Kg4
{[%clk 0:04:51]} Ne5+ {[%clk 0:03:47]} 74. Kf4 {[%clk 0:05:06]} Nc4
{[%clk 0:03:37]} 75. Kg4 {[%clk 0:05:15]} Ne3+ {[%clk 0:03:28]} 76. Kf4
{[%clk 0:05:13]} Ng2+ {[%clk 0:03:36]} 77. Kg3 {[%clk 0:05:24]} Nxh4
{[%clk 0:02:28]} 78. Kxh4 {[%clk 0:05:53]} Kf7 {

[Event "2nd Sharjah Masters International Chess Championship"]
[Site "Sharjah Culture & Chess Club"]
[Date "2018.04.16"]
[Round "6"]
[Board "9"]
[White "Kryvoruchko, Yuriy"]
[Black "Soumya, Swaminathan"]
[Result "1-0"]
[WhiteElo "2703"]
[BlackElo "2354"]
[PlyCount "0"]
[EventDate "2018.04.12"]
[EventRounds "9"]
[EventCountry "UAE"]

1. e4 {[%clk 1:30:54]} c5 {[%clk 1:30:29]} 2. Nf3 {[%clk 1:31:19]} Nc6
{[%clk 1:30:42]} 3. d4 {[%clk 1:31:11]} cxd4 {[%clk 1:30:57]} 4. Nxd4
{[%clk 1:31:37]} Nf6 {[%clk 1:31:18]} 5. Nc3 {[%clk 1:32:00]} d6 {[%clk 1:31:41]}
6. Bg5 {[%clk 1:31:45]} e6 {[%clk 1:32:03]} 7. Qd2 {[%clk 1:31:57]} a6
{[%clk 1:32:14]} 8. O-O-O {[%clk 1:31:59]} Bd7 {[%clk 1:32:28]} 9. f3
{[%clk 1:32:19]} Be7 {[%clk 1:32:42]} 10. Kb1 {[%clk 1:32:13]} O-O
{[%clk 1:26:38]} 11. h4 {[%clk 1:31:59]} b5 {[%clk 1:26:06]} 12. Nxc6
{[%clk 1:30:29]} Bxc6 {[%clk 1:26:32]} 13. Ne2 {[%clk 1:30:54]} Rc8
{[%clk 1:19:44]} 14. Nd4 {[%clk 1:29:38]} Bb7 {[%clk 1:20:12]} 15. g4
{[%clk 1:28:13]} Nd7 {[%clk 1:12:08]} 16. Bxe7 {[%clk 1:24:25]} Qxe7
{[%clk 1:12:33]} 17. Qe3 {[%clk 1:24:51]} Ne5 {[%clk 1:04:13]} 18. g5
{[%clk 1:24:40]} Nc4 {[%clk 0:47:39]} 19. Bxc4 {[%clk 1:24:37]} Rxc4
{[%clk 0:48:00]} 20. h5 {[%clk 1:16:37]} Rfc8 {[%clk 0:45:59]} 21. Rh2
{[%clk 1:15:02]} Bc6 {[%clk 0:29:56]} 22. Re2 {[%clk 1:01:42]} Be8
{[%clk 0:23:17]} 23. f4 {[%clk 1:00:52]} Qa7 {[%clk 0:19:08]} 24. Qd3
{[%clk 0:54:47]} Qe7 {[%clk 0:10:14]} 25. h6 {[%clk 0:53:34]} g6 {[%clk 0:10:27]}
26. Nf3 {[%clk 0:53:52]} Qc7 {[%clk 0:06:47]} 27. Qxd6 {[%clk 0:49:48]} Rxc2
{[%clk 0:06:57]} 28. Qxc7 {[%clk 0:50:14]} R2xc7 {[%clk 0:07:22]} 29. Ne5
{[%clk 0:50:40]} Kf8 {[%clk 0:03:14]} 30. b3 {[%clk 0:49:59]} Bc6
{[%clk 0:03:18]} 31. Ng4 {[%clk 0:49:56]} f5 {[%clk 0:01:27]} 32. gxf6
{[%clk 0:50:21]} Kf7 {[%clk 0:01:48]} 33. Kb2 {[%clk 0:49:47]} Be8
{[%clk 0:01:32]} 34. b4 {[%clk 0:47:26]} Rc3 {[%clk 0:01:18]} 35. Rd8
{[%clk 0:46:14]} Rxd8 {[%clk 0:01:28]} 36. Kxc3 {[%clk 0:46:39]} Rd1
{[%clk 0:01:42]} 37. e5 {[%clk 0:43:52]} Bc6 {[%clk 0:02:02]} 38. Nf2
{[%clk 0:43:59]} Rf1 {[%clk 0:01:24]} 39. Kd4 {[%clk 0:44:19]} Rc1
{[%clk 0:01:02]} 40. Kd3 {[%clk 0:38:41]} Bd5 {[%clk 0:00:35]} 41. Rc2
{[%clk 0:39:02]} Bc4+ {[%clk 0:00:58]} 42. Kc3 {[%clk 0:39:28]} Rf1
{[%clk 0:00:49]} 43. Kd4 {[%clk 0:39:51]} Ra1 {[%clk 0:00:40]} 44. Ne4
{[%clk 0:40:02]} Rf1 {[%clk 0:00:40]} 45. Nd6+ {[%clk 0:39:13]} Kf8
{[%clk 0:01:01]} 46. Nxc4 {[%clk 0:39:31]} bxc4 {[%clk 0:00:55]} 47. Rxc4
{[%clk 0:39:43]} Rxf4+ {[%clk 0:01:14]} 48. Ke4 1-0

[Event "2nd Sharjah Masters International Chess Championship"]
[Site "Sharjah Culture & Chess Club"]
[Date "2018.04.16"]
[Round "6"]
[Board "16"]
[White "Kravtsiv, Martyn"]
[Black "Sadhwani, Raunak"]
[Result "1/2-1/2"]
[WhiteElo "2680"]
[BlackElo "2358"]
[PlyCount "0"]
[EventDate "2018.04.12"]
[EventRounds "9"]
[EventCountry "UAE"]

1. d4 {[%clk 1:30:56]} Nf6 {[%clk 1:30:51]} 2. Bf4 {[%clk 1:31:21]} d5
{[%clk 1:31:09]} 3. Nf3 {[%clk 1:31:19]} e6 {[%clk 1:31:32]} 4. e3
{[%clk 1:31:11]} c5 {[%clk 1:31:44]} 5. Nbd2 {[%clk 1:30:56]} Bd6
{[%clk 1:31:53]} 6. Bg3 {[%clk 1:30:14]} O-O {[%clk 1:32:05]} 7. c3
{[%clk 1:29:43]} Qc7 {[%clk 1:32:05]} 8. Bd3 {[%clk 1:26:46]} Nbd7
{[%clk 1:32:23]} 9. Bh4 {[%clk 1:25:19]} c4 {[%clk 1:26:50]} 10. Bc2
{[%clk 1:23:30]} b5 {[%clk 1:26:40]} 11. e4 {[%clk 1:14:29]} dxe4
{[%clk 1:26:31]} 12. Nxe4 {[%clk 1:14:55]} Nxe4 {[%clk 1:25:55]} 13. Bxe4
{[%clk 1:15:19]} Bb7 {[%clk 1:26:18]} 14. Qc2 {[%clk 1:15:43]} Bxe4
{[%clk 1:26:11]} 15. Qxe4 {[%clk 1:16:07]} h6 {[%clk 1:24:03]} 16. O-O
{[%clk 1:11:35]} Nb6 {[%clk 1:22:36]} 17. Bg3 {[%clk 1:10:32]} Nd5
{[%clk 1:22:10]} 18. Bxd6 {[%clk 1:09:56]} Qxd6 {[%clk 1:22:35]} 19. Ne5
{[%clk 1:10:22]} Rac8 {[%clk 1:18:32]} 20. f4 {[%clk 1:10:21]} b4
{[%clk 1:15:04]} 21. Rf3 {[%clk 1:10:37]} bxc3 {[%clk 1:15:16]} 22. bxc3
{[%clk 1:11:02]} f6 {[%clk 1:08:25]} 23. Ng6 {[%clk 1:10:52]} f5 {[%clk 1:07:07]}
24. Qe2 {[%clk 1:10:37]} Rf7 {[%clk 1:01:13]} 25. Re1 {[%clk 1:09:35]} Rb7
{[%clk 1:01:12]} 26. h3 {[%clk 1:02:10]} Rb6 {[%clk 0:59:48]} 27. Ne5
{[%clk 1:02:22]} Qc7 {[%clk 0:58:05]} 28. Kh2 {[%clk 0:58:41]} Nf6
{[%clk 0:56:17]} 29. Qf2 {[%clk 0:53:51]} Ne4 {[%clk 0:54:24]} 30. Qh4
{[%clk 0:54:09]} Qd8 {[%clk 0:49:07]} 31. Qh5 {[%clk 0:38:09]} Qe8
{[%clk 0:46:15]} 32. Qxe8+ {[%clk 0:37:55]} Rxe8 {[%clk 0:46:40]} 33. Nxc4
{[%clk 0:38:19]} Rc6 {[%clk 0:47:07]} 34. Ne3 {[%clk 0:37:27]} Rxc3
{[%clk 0:45:43]} 35. Nxf5 {[%clk 0:37:32]} Rxf3 {[%clk 0:46:07]} 36. gxf3
{[%clk 0:37:57]} exf5 {[%clk 0:46:16]} 37. fxe4 {[%clk 0:38:23]} fxe4
{[%clk 0:46:17]} 38. Kg3 {[%clk 0:38:15]} Kf7 {[%clk 0:44:47]} 39. Kf2
{[%clk 0:38:22]} Kf6 {[%clk 0:34:28]} 40. Ke3 {[%clk 0:38:32]} Rc8
{[%clk 0:34:54]} 41. Rb1 {[%clk 0:37:21]} Rc3+ {[%clk 0:34:06]} 42. Kxe4
{[%clk 0:37:21]} Rxh3 {[%clk 0:34:30]} 43. Rc1 {[%clk 0:37:35]} Ra3
{[%clk 0:33:14]} 44. Rc6+ {[%clk 0:38:01]} Kf7 {[%clk 0:33:35]} 45. Ke5
{[%clk 0:37:30]} Rxa2 {[%clk 0:33:23]} 46. Rc7+ {[%clk 0:37:56]} Kf8
{[%clk 0:33:24]} 47. d5 {[%clk 0:38:03]} Re2+ {[%clk 0:32:40]} 48. Kd6
{[%clk 0:36:44]} g5 {[%clk 0:29:08]} 49. fxg5 {[%clk 0:36:09]} hxg5
{[%clk 0:29:22]} 50. Rxa7 {[%clk 0:36:08]} g4 {[%clk 0:26:32]} 51. Ra3
{[%clk 0:36:33]} Kf7 {[%clk 0:26:55]} 52. Kd7 {[%clk 0:36:16]} Rd2
{[%clk 0:27:17]} 53. d6 {[%clk 0:36:36]} Kf6 {[%clk 0:27:41]} 54. Kc7
{[%clk 0:36:42]} Ke6 {[%clk 0:27:25]} 55. Re3+ {[%clk 0:37:04]} Ke5 1/2-1/2